[Event "Sardegna Region-ch"]
[Site "Capoterra"]
[Date "2012.05.27"]
[Round "5"]
[White "Mereu, Matteo"]
[Black "Puzzoni, Christian"]
[Result "0-1"]
[WhiteElo "1934"]
[BlackElo "2077"]
[PlyCount "51"]
[EventDate "2012.05.19"]
[EventType "swiss"]
[EventRounds "6"]
[EventCountry "ITA"]
[SourceTitle "EXT 2014"]
[Source "ChessBase"]
[SourceDate "2013.11.20"]
[SourceVersion "1"]
[SourceVersionDate "2013.11.20"]
[SourceQuality "1"]

1. d4 d5 2. Nf3 Nc6 3. c4 e5 4. Nxe5 Nxe5 5. dxe5 d4 6. e3 Bb4+ 7. Nc3 Bc5 8. Na4 Bb4+ 9. Bd2 Bxd2+ 10. Qxd2 Bd7 11. Nc5 dxe3 12. Qxe3 Bc6 13. Bd3 Qe7 14. 0-0-0 Nh6 15. f3 0-0 16. g4 f5 17. gxf5 Nxf5 18. Qf2 b6 19. Be4 Bxe4 20. Nxe4 Qxe5 21. Rd5 Qf4+ 22. Kb1 Ne3 23. Rd3 Nxc4 24. Qd4 Ne5 25. Rg1 Rf7 26. Rc1 0-1

[Event "Torre delle Stelle op 1st"]
[Site "Sinnai"]
[Date "2011.06.25"]
[Round "5"]
[White "Bonugli, Carlo"]
[Black "Puzzoni, Christian"]
[Result "1-0"]
[WhiteElo "2047"]
[BlackElo "2089"]
[PlyCount "93"]
[EventDate "2011.06.22"]
[EventType "swiss"]
[EventRounds "7"]
[EventCountry "ITA"]
[SourceTitle "EXT 2023"]
[Source "ChessBase"]
[SourceDate "2022.10.05"]
[SourceVersion "1"]
[SourceVersionDate "2022.10.05"]
[SourceQuality "1"]

1. e4 e5 2. Bc4 Nf6 3. d3 c6 4. Nf3 d5 5. Bb3 Bg4 6. Nbd2 Nbd7 7. 0-0 Bc5 8. h3 h5 9. c3 Qc7 10. Re1 0-0-0 11. Qe2 g5 12. Nf1 Bxf3 13. Qxf3 g4 14. Qf5 gxh3 15. Qxh3 Rdg8 16. Bd1 Kb8 17. b4 Bd6 18. Rb1 d4 19. c4 Ng4 20. f3 Ndf6 21. fxg4 hxg4 22. Qg3 Nh5 23. Qf2 Nf4 24. Qb2 g3 25. Bxf4 exf4 26. Bf3 f5 27. Nd2 Rh2 28. Kf1 Qe7 29. Ke2 Be5 30. Kd1 fxe4 31. Rxe4 Qg7 32. Kc2 Rd8 33. Rbe1 Bf6 34. Kb1 Qh7 35. a4 Rh8 36. Qc2 Qd7 37. c5 Rh1 38. Qc4 a5 39. b5 cxb5 40. Qxb5 Qc8 41. Nc4 Bd8 42. Nxa5 Bxa5 43. Qxa5 Rxe1+ 44. Rxe1 Re8 45. Rxe8 Qxe8 46. c6 Qe7 47. cxb7 1-0

[Event "Torre delle Stelle op 1st"]
[Site "Sinnai"]
[Date "2011.06.24"]
[Round "4"]
[White "Puzzoni, Christian"]
[Black "Deruda, Leonardo"]
[Result "1/2-1/2"]
[WhiteElo "2089"]
[BlackElo "1930"]
[PlyCount "115"]
[EventDate "2011.06.22"]
[EventType "swiss"]
[EventRounds "7"]
[EventCountry "ITA"]
[SourceTitle "EXT 2023"]
[Source "ChessBase"]
[SourceDate "2022.10.05"]
[SourceVersion "1"]
[SourceVersionDate "2022.10.05"]
[SourceQuality "1"]

1. Nc3 c5 2. e4 Nc6 3. f4 g6 4. Nf3 Bg7 5. Bc4 e6 6. 0-0 Nge7 7. d3 d5 8. Bb3 0-0 9. Qe1 Na5 10. f5 Nxb3 11. axb3 exf5 12. Bg5 Qd7 13. Qh4 f6 14. Bd2 fxe4 15. dxe4 dxe4 16. Nxe4 Nf5 17. Qf2 b6 18. Bc3 Bb7 19. Nfd2 Nd4 20. Ra4 f5 21. Ng5 Qe7 22. Ndf3 Ne2+ 23. Kh1 Nxc3 24. bxc3 Bxf3 25. Nxf3 Bxc3 26. Qg3 Bf6 27. h4 Qg7 28. Qf4 Rae8 29. h5 Re7 30. c3 Rfe8 31. h6 Qf7 32. c4 Re4 33. Qd6 R4e6 34. Qf4 Re4 35. Qd6 Rd8 36. Qg3 Qd7 37. Ra2 Qe7 38. Qh2 a5 39. g3 Re3 40. Nh4 Bxh4 41. gxh4 Re1 42. Raf2 Qe4+ 43. Kg1 Rxf1+ 44. Rxf1 Qe3+ 45. Kh1 Qxh6 46. Re1 Qg7 47. h5 g5 48. Qh3 Qf6 49. Qf3 g4 50. Qg3 Qf7 51. Qh4 Rf8 52. Re7 Qf6 53. Qe1 f4 54. Re6 Qd8 55. Re7 Qd6 56. Re6 Qd8 57. Re7 Qd6 58. Re6 1/2-1/2

[Event "Sardegna Region-ch"]
[Site "Sardara"]
[Date "2011.05.29"]
[Round "8"]
[White "Puzzoni, Christian"]
[Black "Mallo, Danilo"]
[Result "1-0"]
[WhiteElo "2089"]
[BlackElo "1930"]
[PlyCount "31"]
[EventDate "2011.05.23"]
[EventType "swiss"]
[EventRounds "8"]
[EventCountry "ITA"]
[SourceTitle "EXT 2023"]
[Source "ChessBase"]
[SourceDate "2022.10.05"]
[SourceVersion "1"]
[SourceVersionDate "2022.10.05"]
[SourceQuality "1"]

1. e4 g6 2. h4 Bg7 3. h5 d5 4. Nc3 Nf6 5. h6 Bf8 6. e5 d4 7. exf6 dxc3 8. Qf3 cxb2 9. Bxb2 e6 10. Rh4 Bd7 11. Bc4 Bc6 12. Qe3 Nd7 13. Bxe6 Nxf6 14. Bd5+ Qe7 15. Bxc6+ bxc6 16. Bxf6 1-0

[Event "Sardegna Region-ch"]
[Site "Sardara"]
[Date "2011.05.28"]
[Round "5"]
[White "Puzzoni, Christian"]
[Black "Nessi, Davide"]
[Result "1-0"]
[WhiteElo "2089"]
[BlackElo "1756"]
[PlyCount "81"]
[EventDate "2011.05.23"]
[EventType "swiss"]
[EventRounds "8"]
[EventCountry "ITA"]
[SourceTitle "EXT 2023"]
[Source "ChessBase"]
[SourceDate "2022.10.05"]
[SourceVersion "1"]
[SourceVersionDate "2022.10.05"]
[SourceQuality "1"]

1. c4 c5 2. Nc3 Nf6 3. d4 cxd4 4. Qxd4 Nc6 5. Qh4 d5 6. Bg5 dxc4 7. Nf3 Qb6 8. 0-0-0 Be6 9. e3 Rc8 10. Bxc4 Bxc4 11. Qxc4 e6 12. Bxf6 gxf6 13. Qd3 Rd8 14. Qb5 Be7 15. Qxb6 axb6 16. Rxd8+ Bxd8 17. Rd1 Rg8 18. g3 Ne5 19. Nxe5 fxe5 20. Nb5 Bf6 21. Rd6 Bd8 22. Rd3 Rg4 23. b3 h5 24. Nd6+ Ke7 25. Nxf7 Kxf7 26. Rxd8 Ke7 27. Rb8 h4 28. Rxb7+ Kf6 29. Rxb6 hxg3 30. hxg3 Rg7 31. a4 Rc7+ 32. Kb2 Rd7 33. a5 Rd2+ 34. Ka3 Rxf2 35. a6 Rf1 36. Kb4 Ra1 37. Kb5 Ke7 38. g4 Ra3 39. b4 Rxe3 40. a7 Ra3 41. Ra6 1-0

[Event "Sardegna Region-ch"]
[Site "Sardara"]
[Date "2011.05.22"]
[Round "4"]
[White "Belvisi, Ivano"]
[Black "Puzzoni, Christian"]
[Result "1-0"]
[WhiteElo "2003"]
[BlackElo "2089"]
[PlyCount "109"]
[EventDate "2011.05.23"]
[EventType "swiss"]
[EventRounds "8"]
[EventCountry "ITA"]
[SourceTitle "EXT 2023"]
[Source "ChessBase"]
[SourceDate "2022.10.05"]
[SourceVersion "1"]
[SourceVersionDate "2022.10.05"]
[SourceQuality "1"]

1. d4 c5 2. e4 e6 3. c3 d5 4. exd5 exd5 5. Bb5+ Nc6 6. Qe2+ Be6 7. Nf3 Be7 8. dxc5 Bxc5 9. Ng5 Qf6 10. Nxe6 fxe6 11. Be3 Bd6 12. Bd4 e5 13. Nd2 Nge7 14. Be3 0-0 15. Nf3 h6 16. 0-0-0 Rac8 17. Kb1 d4 18. cxd4 Nb4 19. Ba4 Qf5+ 20. Ka1 Nc2+ 21. Bxc2 Rxc2 22. Qd3 Qxd3 23. Rxd3 e4 24. Rd2 Rc7 25. Ne5 Nd5 26. a3 b5 27. Rdd1 b4 28. Rc1 bxa3 29. Rxc7 axb2+ 30. Kxb2 Bxc7 31. Nd7 Rf7 32. Nc5 Nxe3 33. fxe3 Rf2+ 34. Kc3 Re2 35. Kc4 Rxe3 36. Kd5 Re2 37. g3 e3 38. Ke4 Bb6 39. Kd3 Ra2 40. Kxe3 a5 41. Rb1 Bxc5 42. dxc5 Rxh2 43. Rc1 Rb2 44. c6 Rb8 45. c7 Rc8 46. Ke4 Kf7 47. Kd5 Ke7 48. Kc6 Kf6 49. Rc5 g5 50. g4 h5 51. gxh5 g4 52. Rxa5 g3 53. Kb7 g2 54. Ra1 Rg8 55. Rg1 1-0

[Event "Cagliari Alfa Lum op"]
[Site "Cagliari"]
[Date "2009.08.29"]
[Round "3"]
[White "Cerioni, Armando"]
[Black "Puzzoni, Christian"]
[Result "0-1"]
[WhiteElo "1987"]
[BlackElo "2101"]
[PlyCount "78"]
[EventDate "2009.08.28"]
[EventType "swiss"]
[EventRounds "6"]
[EventCountry "ITA"]
[SourceTitle "EXT 2012"]
[Source "ChessBase"]
[SourceDate "2011.11.24"]
[SourceVersion "1"]
[SourceVersionDate "2011.11.24"]
[SourceQuality "1"]

1. b3 e5 2. Bb2 Nc6 3. e3 Nf6 4. Bb5 Bd6 5. Ne2 a6 6. Bxc6 dxc6 7. d3 Bg4 8. Nd2 Qe7 9. 0-0 b5 10. Qe1 Nd5 11. a3 f5 12. c4 Nf6 13. b4 c5 14. bxc5 Bxc5 15. Nb3 bxc4 16. Nxc5 Qxc5 17. d4 exd4 18. exd4 Qe7 19. f3 Bh5 20. Qc3 0-0 21. Qxc4+ Bf7 22. Qd3 Rab8 23. Bc1 Rfe8 24. Re1 Qd7 25. Qxa6 Rb6 26. Qd3 Rb3 27. Qd1 Bc4 28. Kf2 c5 29. Bd2 Qd5 30. Rc1 Rxa3 31. Bc3 Ra2 32. Rc2 Bb3 33. Nf4 Rxe1 34. Rxa2 Rxd1 35. Nxd5 Bxa2 36. Nxf6+ gxf6 37. dxc5 Rc1 38. Bxf6 Rxc5 39. g4 f4 0-1

[Event "ITA-ch sf"]
[Site "Saint Vincent"]
[Date "2008.07.26"]
[Round "8"]
[White "Puzzoni, Christian"]
[Black "Ricci, Alfredo"]
[Result "1-0"]
[WhiteElo "2128"]
[BlackElo "2069"]
[PlyCount "61"]
[EventDate "2008.07.19"]
[EventType "swiss"]
[EventRounds "9"]
[EventCountry "ITA"]
[SourceTitle "EXT 2009"]
[Source "ChessBase"]
[SourceDate "2008.11.26"]
[SourceVersion "1"]
[SourceVersionDate "2008.11.26"]
[SourceQuality "1"]

1. e4 c5 2. Nf3 e6 3. b4 b6 4. bxc5 bxc5 5. c4 Qc7 6. Nc3 a6 7. g3 Nc6 8. Bg2 Rb8 9. 0-0 Nf6 10. d4 cxd4 11. Nxd4 Ne5 12. Bf4 d6 13. Qa4+ Nfd7 14. Rab1 Rxb1 15. Rxb1 Qxc4 16. Rb8 Qxc3 17. Bxe5 Qc7 18. Ra8 dxe5 19. Qxa6 Nb6 20. Qb5+ Ke7 21. Nc6+ Kf6 22. Ra7 Bb7 23. Rxb7 Qxb7 24. Qxe5+ Kg6 25. Nd4 Nc4 26. Qf4 h5 27. h4 e5 28. Qf5+ Kh6 29. Bf3 g6 30. Qf6 Bg7 31. Nf5+ 1-0

[Event "ITA-ch sf"]
[Site "Saint Vincent"]
[Date "2008.07.24"]
[Round "6"]
[White "Puzzoni, Christian"]
[Black "Frugoli, Francesco"]
[Result "0-1"]
[WhiteElo "2128"]
[BlackElo "2163"]
[PlyCount "56"]
[EventDate "2008.07.19"]
[EventType "swiss"]
[EventRounds "9"]
[EventCountry "ITA"]
[SourceTitle "EXT 2009"]
[Source "ChessBase"]
[SourceDate "2008.11.26"]
[SourceVersion "1"]
[SourceVersionDate "2008.11.26"]
[SourceQuality "1"]

1. e4 e5 2. f4 d5 3. Nf3 exf4 4. exd5 Nf6 5. d4 Nxd5 6. Nc3 Bb4 7. Bc4 Nxc3 8. bxc3 Bxc3+ 9. Kf2 0-0 10. Bxf4 Bxa1 11. Qxa1 Be6 12. Bd3 Nd7 13. c4 Nf6 14. Rf1 b5 15. cxb5 Qd5 16. Kg1 Qxa2 17. Qc1 Qb3 18. Ne5 Qd5 19. Be3 Ng4 20. Rf4 Nxe5 21. dxe5 Qxd3 22. Rd4 Qxb5 23. Rh4 Rab8 24. Qe1 Qd3 25. Bc1 Rbd8 26. Kf2 Rd4 27. Rh5 Qc2+ 28. Kg3 Rg4+ 0-1

[Event "ITA-ch sf"]
[Site "Saint Vincent"]
[Date "2008.07.21"]
[Round "2"]
[White "Puzzoni, Christian"]
[Black "Roversi, Stefano"]
[Result "1-0"]
[WhiteElo "2128"]
[BlackElo "1840"]
[PlyCount "59"]
[EventDate "2008.07.19"]
[EventType "swiss"]
[EventRounds "9"]
[EventCountry "ITA"]
[SourceTitle "EXT 2009"]
[Source "ChessBase"]
[SourceDate "2008.11.26"]
[SourceVersion "1"]
[SourceVersionDate "2008.11.26"]
[SourceQuality "1"]

1. e4 c5 2. Nf3 Nc6 3. d4 cxd4 4. c3 d3 5. Bxd3 Nf6 6. c4 Nb4 7. e5 Nxd3+ 8. Qxd3 Ng4 9. Nc3 g6 10. h3 Nh6 11. Bg5 Bg7 12. 0-0-0 0-0 13. Qd2 Nf5 14. g4 f6 15. exf6 exf6 16. gxf5 fxg5 17. fxg6 h6 18. h4 g4 19. Ng5 d5 20. Nf7 Qa5 21. Nxd5 Qxd2+ 22. Rxd2 Rxf7 23. gxf7+ Kxf7 24. Re1 h5 25. Re7+ Kf8 26. Rde2 Bf5 27. Rxb7 Bd3 28. Ree7 Bh6+ 29. Kd1 Bxc4 30. Rf7+ 1-0

[Event "Porto Mannu op"]
[Site "Porto Mannu"]
[Date "2008.05.24"]
[Round "9"]
[White "Cocchi, Andrea"]
[Black "Puzzoni, Christian"]
[Result "1-0"]
[WhiteElo "2316"]
[BlackElo "2114"]
[PlyCount "75"]
[EventDate "2008.05.17"]
[EventType "swiss"]
[EventRounds "9"]
[EventCountry "ITA"]
[SourceTitle "CBM 124 Extra"]
[Source "ChessBase"]
[SourceDate "2008.07.03"]
[SourceVersion "1"]
[SourceVersionDate "2008.07.03"]
[SourceQuality "1"]

1. Nf3 Nc6 2. c4 e5 3. Nc3 f5 4. d3 Nf6 5. a3 a5 6. g3 Bc5 7. e3 Ba7 8. Bg2 0-0 9. 0-0 d6 10. Rb1 Ne7 11. b4 axb4 12. axb4 Ng6 13. d4 e4 14. Nd2 c5 15. Nb3 cxb4 16. Nb5 Be6 17. d5 Bf7 18. N3d4 Bxd4 19. Nxd4 Ne5 20. Rxb4 Qc8 21. Qc2 Be8 22. Bd2 b5 23. Nxb5 Nxd5 24. Rbb1 Nxc4 25. Rfc1 Ndb6 26. Nxd6 Nxd6 27. Rxb6 Qxc2 28. Rxc2 Nb5 29. h3 Rf7 30. g4 g6 31. Bf1 Ra1 32. Kg2 Na3 33. Rc8 Rd7 34. Bc3 Rc1 35. Rxe8+ Kf7 36. Bb2 Rxf1 37. Bxa3 Rdd1 38. Re7+ 1-0

[Event "Porto Mannu op"]
[Site "Porto Mannu"]
[Date "2008.05.18"]
[Round "2"]
[White "Marani, Luca"]
[Black "Puzzoni, Christian"]
[Result "0-1"]
[WhiteElo "1902"]
[BlackElo "2114"]
[PlyCount "62"]
[EventDate "2008.05.17"]
[EventType "swiss"]
[EventRounds "9"]
[EventCountry "ITA"]
[SourceTitle "CBM 124 Extra"]
[Source "ChessBase"]
[SourceDate "2008.07.03"]
[SourceVersion "1"]
[SourceVersionDate "2008.07.03"]
[SourceQuality "1"]

1. e4 e5 2. Nf3 d5 3. exd5 Bd6 4. d4 e4 5. Ne5 Nd7 6. Bb5 Qe7 7. Qg4 Bxe5 8. dxe5 Qxe5 9. Nc3 Ngf6 10. Qxg7 Rg8 11. Qh6 a6 12. Bf4 Qf5 13. Bxc7 axb5 14. 0-0-0 Qg5+ 15. Qxg5 Rxg5 16. Nxb5 Kf8 17. Nc3 b6 18. Rd4 Bb7 19. Rhd1 Rxg2 20. Bg3 h5 21. Nxe4 Nxe4 22. Rxe4 Nf6 23. Red4 Rxa2 24. Kb1 Ra8 25. c4 Bc8 26. b4 Bg4 27. Rc1 Bf5+ 28. Kb2 Ne4 29. Kb3 Nxg3 30. fxg3 Rga2 31. c5 b5 0-1

[Event "Laconi Perla del Sarcidano op 3rd"]
[Site "Laconi"]
[Date "2007.08.08"]
[Round "7"]
[White "Caglio, Luigi"]
[Black "Puzzoni, Christian"]
[Result "0-1"]
[WhiteElo "1890"]
[BlackElo "2117"]
[PlyCount "68"]
[EventDate "2007.08.04"]
[EventType "swiss"]
[EventRounds "9"]
[EventCountry "ITA"]
[SourceTitle "EXT 2010"]
[Source "ChessBase"]
[SourceDate "2010.11.25"]
[SourceVersion "1"]
[SourceVersionDate "2010.11.25"]
[SourceQuality "1"]

1. e4 e5 2. f4 Nc6 3. Nf3 f5 4. d4 fxe4 5. Nxe5 Nf6 6. d5 Ne7 7. Nc3 Nf5 8. g4 Bc5 9. gxf5 0-0 10. d6 b5 11. Bxb5 cxd6 12. Qe2 d5 13. Be3 Bb4 14. 0-0 Bb7 15. Rad1 Qc8 16. Bd4 Bc5 17. Bf2 d6 18. h3 Qxf5 19. Bxc5 dxc5 20. Bc6 Bxc6 21. Nxc6 Qe6 22. Ne5 Qxh3 23. Qg2 Qe6 24. Rfe1 Rad8 25. Nb5 Nh5 26. Nc7 Qb6 27. Nxd5 Rxd5 28. Rxd5 Nxf4 29. Qxe4 c4+ 30. Kh2 Qh6+ 31. Kg3 Qh3+ 32. Kf2 Nxd5+ 33. Ke2 Qh5+ 34. Nf3 Re8 0-1

[Event "Laconi Perla del Sarcidano op 3rd"]
[Site "Laconi"]
[Date "2007.08.07"]
[Round "5"]
[White "Puzzoni, Christian"]
[Black "Pes, Francesco"]
[Result "1-0"]
[WhiteElo "2117"]
[BlackElo "1820"]
[PlyCount "53"]
[EventDate "2007.08.04"]
[EventType "swiss"]
[EventRounds "9"]
[EventCountry "ITA"]
[SourceTitle "EXT 2010"]
[Source "ChessBase"]
[SourceDate "2010.11.25"]
[SourceVersion "1"]
[SourceVersionDate "2010.11.25"]
[SourceQuality "1"]

1. h4 e5 2. e4 Bc5 3. Bc4 Nf6 4. Nc3 d6 5. d3 Bg4 6. f3 Be6 7. Bg5 h6 8. Bxe6 fxe6 9. Bd2 a5 10. Nce2 Nc6 11. c3 Ne7 12. Qb3 Qc8 13. d4 a4 14. Qc4 exd4 15. Nxd4 Bxd4 16. cxd4 Qd7 17. Ne2 d5 18. Qd3 dxe4 19. fxe4 e5 20. 0-0 0-0 21. Bb4 exd4 22. Rad1 b6 23. Qc4+ Kh8 24. Rxd4 Qe8 25. Qxc7 Qh5 26. Nf4 Qg4 27. Qxe7 1-0

[Event "Perla del Sarcidano op 2nd"]
[Site "Laconi"]
[Date "2006.08.09"]
[Round "8"]
[White "Puzzoni, Christian"]
[Black "Gromovs, Sergejs"]
[Result "1/2-1/2"]
[WhiteElo "2083"]
[BlackElo "2314"]
[PlyCount "175"]
[EventDate "2006.08.05"]
[EventType "swiss"]
[EventRounds "4"]
[EventCountry "ITA"]
[SourceTitle "EXT 2024"]
[Source "ChessBase"]
[SourceDate "2023.10.10"]
[SourceVersion "1"]
[SourceVersionDate "2023.10.10"]
[SourceQuality "1"]

1. e4 d5 2. d4 dxe4 3. Nc3 Bf5 4. f3 Nf6 5. Bg5 Nbd7 6. Bc4 h6 7. Bh4 e3 8. g4 Bh7 9. Bb3 c6 10. Qe2 e6 11. Qxe3 Nxg4 12. Qxe6+ fxe6 13. Bxd8 Ne3 14. Kd2 Nxc2 15. Bxc2 Bxc2 16. Kxc2 Rxd8 17. Re1 Nf6 18. Nge2 Bd6 19. Ng3 Bxg3 20. hxg3 Rxd4 21. Rxe6+ Kf7 22. Rhe1 Re8 23. R6e5 Rxe5 24. Rxe5 h5 25. a3 h4 26. gxh4 Rxh4 27. b4 Rf4 28. b5 Rxf3 29. bxc6 bxc6 30. Ra5 g5 31. Rxa7+ Kg6 32. Ra6 g4 33. Rxc6 g3 34. Ne2 Rxa3 35. Rc3 Ra2+ 36. Kd3 Nh5 37. Nxg3 Nxg3 38. Rc5 Kf6 39. Rb5 Nf5 40. Rc5 Ke6 41. Rb5 Ra3+ 42. Kd2 Nd6 43. Rh5 Nc4+ 44. Kc2 Ne5 45. Kb2 Rg3 46. Kc2 Kd5 47. Kd2 Kd4 48. Rh4+ Ng4 49. Ke2 Kc3 50. Rh8 Re3+ 51. Kf1 Kd3 52. Rd8+ Ke4 53. Re8+ Ne5 54. Kf2 Rf3+ 55. Ke2 Rf6 56. Kd2 Rc6 57. Kd1 Kd4 58. Kd2 Rc5 59. Rd8+ Ke4 60. Re8 Rc7 61. Kd1 Kd4 62. Kd2 Rh7 63. Rd8+ Nd7 64. Ke2 Ke4 65. Re8+ Ne5 66. Kd2 Rh3 67. Kc2 Kd4 68. Rd8+ Kc5 69. Rc8+ Nc6 70. Rg8 Nb4+ 71. Kd2 Nd5 72. Ke2 Kd4 73. Rd8 Re3+ 74. Kf2 Re5 75. Kf3 Rf5+ 76. Ke2 Rf7 77. Ke1 Ke4 78. Ke2 Re7 79. Kd2 Ra7 80. Re8+ Kd4 81. Ke2 Ra2+ 82. Kf3 Ra3+ 83. Kf2 Nf6 84. Rd8+ Ke4 85. Rb8 Ng4+ 86. Kg2 Ne3+ 87. Kf2 Ra2+ 88. Kg3 1/2-1/2

[Event "Perla del Sarcidano op 2nd"]
[Site "Laconi"]
[Date "2006.08.09"]
[Round "7"]
[White "Puzzoni, Christian"]
[Black "Paulesu, Sebastiano"]
[Result "1-0"]
[WhiteElo "2083"]
[BlackElo "1862"]
[PlyCount "57"]
[EventDate "2006.08.05"]
[EventType "swiss"]
[EventRounds "4"]
[EventCountry "ITA"]
[SourceTitle "EXT 2024"]
[Source "ChessBase"]
[SourceDate "2023.10.10"]
[SourceVersion "1"]
[SourceVersionDate "2023.10.10"]
[SourceQuality "1"]

1. e4 d5 2. Nc3 d4 3. Nce2 e5 4. Ng3 Be6 5. Nf3 f6 6. Be2 Qd7 7. 0-0 Nc6 8. a3 g5 9. b4 Nce7 10. Ne1 Ng6 11. Nd3 g4 12. f4 exf4 13. Nf5 h5 14. Bb2 Bxf5 15. exf5 Qxf5 16. Bxd4 0-0-0 17. c3 b6 18. Qa4 Kb8 19. Rab1 Qe4 20. Rfe1 Nh4 21. Bf1 Qb7 22. Nxf4 Bd6 23. Ne6 Rc8 24. Nc5 Bxc5 25. bxc5 Qa8 26. Re6 Rh7 27. cxb6 cxb6 28. Bxb6 Rb7 29. Qf4+ 1-0

[Event "Perla del Sarcidano op 2nd"]
[Site "Laconi"]
[Date "2006.08.06"]
[Round "3"]
[White "Puzzoni, Christian"]
[Black "Ljubisavljevic, Zivojin Z"]
[Result "0-1"]
[WhiteElo "2083"]
[BlackElo "2290"]
[PlyCount "70"]
[EventDate "2006.08.05"]
[EventType "swiss"]
[EventRounds "4"]
[EventCountry "ITA"]
[SourceTitle "CBM 113 Extra"]
[Source "ChessBase"]
[SourceDate "2006.09.14"]
[SourceVersion "1"]
[SourceVersionDate "2006.09.14"]
[SourceQuality "1"]

1. e4 g6 2. h4 h5 3. d4 d5 4. e5 c5 5. c3 cxd4 6. cxd4 Nc6 7. Nc3 Bf5 8. Bg5 Bh6 9. Nf3 Bxg5 10. hxg5 e6 11. Qb3 Nge7 12. Be2 Kf8 13. Kf1 Kg7 14. Nb5 Bg4 15. Nd6 Qb6 16. Qc3 Nf5 17. Nxf5+ Bxf5 18. Rc1 Rac8 19. Qd2 Nxd4 20. Rxc8 Nxf3 21. Qc1 Rxc8 22. Qxc8 Nd2+ 23. Kg1 Ne4 24. Kh2 Qxf2 25. Bf3 Qg3+ 26. Kg1 Nxg5 27. Qc3 d4 28. Qb3 b6 29. Qd1 Qxe5 30. Qe2 Nxf3+ 31. Qxf3 d3 32. Qf2 Qd5 33. Kh2 Bg4 34. Rf1 Qf5 35. Qxf5 gxf5 0-1

[Event "Perla del Sarcidano op 2nd"]
[Site "Laconi"]
[Date "2006.08.06"]
[Round "2"]
[White "Zuccarelli, Angelo"]
[Black "Puzzoni, Christian"]
[Result "0-1"]
[WhiteElo "1905"]
[BlackElo "2083"]
[PlyCount "72"]
[EventDate "2006.08.05"]
[EventType "swiss"]
[EventRounds "4"]
[EventCountry "ITA"]
[SourceTitle "CBM 113 Extra"]
[Source "ChessBase"]
[SourceDate "2006.09.14"]
[SourceVersion "1"]
[SourceVersionDate "2006.09.14"]
[SourceQuality "1"]

1. e4 e5 2. Nf3 d5 3. Nxe5 dxe4 4. d4 Bd6 5. Nc4 Nc6 6. Nxd6+ Qxd6 7. Bb5 Nf6 8. h3 Bd7 9. c3 0-0-0 10. Na3 Nd5 11. Nc4 Qg6 12. g3 Rhe8 13. Ne3 Nb6 14. Be2 Re7 15. Bh5 Qg5 16. Bg4 Qb5 17. Qe2 Qa5 18. Bxd7+ Rexd7 19. 0-0 g6 20. Ng2 Re8 21. Bd2 Qf5 22. Kh2 h5 23. a4 Nd5 24. Ne3 Qe6 25. Nxd5 Rxd5 26. b4 h4 27. Qg4 hxg3+ 28. Qxg3 Rh8 29. Kg2 Rdh5 30. Rh1 Ne7 31. Qg4 f5 32. Qg3 Qc6 33. Kf1 e3 34. Ke2 exd2 35. Kxd2 Nd5 36. Rae1 b6 0-1

[Event "ITA-ch sf 66th"]
[Site "Cortina d'Ampezzo"]
[Date "2006.07.10"]
[Round "2.20"]
[White "Ubezio, Marco"]
[Black "Puzzoni, Christian"]
[Result "1-0"]
[WhiteElo "2161"]
[BlackElo "2066"]
[PlyCount "51"]
[EventDate "2006.07.09"]
[EventType "swiss"]
[EventRounds "9"]
[EventCountry "ITA"]
[SourceTitle "EXT 2023"]
[Source "ChessBase"]
[SourceDate "2022.10.05"]
[SourceVersion "1"]
[SourceVersionDate "2022.10.05"]
[SourceQuality "1"]

1. d4 d5 2. c4 e5 3. dxe5 d4 4. Nf3 Nc6 5. g3 Bg4 6. Bg2 Qd7 7. 0-0 0-0-0 8. Qb3 h5 9. Rd1 Bc5 10. Nc3 Qf5 11. Na4 Be7 12. Rxd4 Nxd4 13. Nxd4 Rxd4 14. Qxb7+ Kd8 15. Be3 Qxe5 16. Qa8+ Kd7 17. Qxa7 Rd6 18. c5 Bxe2 19. cxd6 Bxd6 20. Bd4 Qb5 21. Re1 Bb4 22. Bc3 Bf8 23. Qd4+ Kc8 24. Qe4 f5 25. Qxe2 Qxa4 26. Qe8+ 1-0

[Event "Cagliari Coppa 31st"]
[Site "Cagliari"]
[Date "2006.04.02"]
[Round "6"]
[White "Puzzoni, Christian"]
[Black "Marras, Giuseppe"]
[Result "1-0"]
[WhiteElo "2073"]
[BlackElo "1870"]
[PlyCount "89"]
[EventDate "2006.03.25"]
[EventType "swiss"]
[EventRounds "7"]
[EventCountry "ITA"]
[SourceTitle "EXT 2024"]
[Source "ChessBase"]
[SourceDate "2023.10.10"]
[SourceVersion "1"]
[SourceVersionDate "2023.10.10"]
[SourceQuality "1"]

1. e4 e6 2. Nf3 d5 3. e5 c5 4. b4 cxb4 5. d4 Nc6 6. a3 Bd7 7. axb4 Bxb4+ 8. c3 Ba5 9. Bd3 Nge7 10. 0-0 a6 11. Ng5 h6 12. Qh5 g6 13. Qh3 Nf5 14. g4 Rg8 15. Nh7 Qh4 16. Nf6+ Kf8 17. Nxd7+ Kg7 18. Qxh4 Nxh4 19. f4 Rgd8 20. Nf6 Bb6 21. Be3 Rac8 22. Kf2 Rh8 23. Kg3 g5 24. fxg5 hxg5 25. Bxg5 Ng6 26. Nh5+ Kg8 27. Bxg6 fxg6 28. Nf4 Nxd4 29. cxd4 Bxd4 30. Ra2 Bxe5 31. Re2 Bxf4+ 32. Bxf4 Rc6 33. Be5 Rh7 34. Ref2 Rc8 35. Rf6 Rg7 36. Rxe6 Rf7 37. Rxg6+ Kh7 38. Rxf7+ Kxg6 39. Rg7+ Kh6 40. Kh4 Rc4 41. Nd2 Rb4 42. Nf1 a5 43. Ng3 Rf4 44. Nf5+ Rxf5 45. gxf5 1-0

[Event "Sardegna Reg-ch"]
[Site "Cagliari"]
[Date "2006.02.26"]
[Round "7"]
[White "Ibba, Isacco"]
[Black "Puzzoni, Christian"]
[Result "0-1"]
[WhiteElo "2176"]
[BlackElo "2073"]
[PlyCount "105"]
[EventDate "2006.02.18"]
[EventType "swiss"]
[EventRounds "7"]
[EventCountry "ITA"]
[SourceTitle "EXT 2007"]
[Source "ChessBase"]
[SourceDate "2006.11.23"]
[SourceVersion "1"]
[SourceVersionDate "2006.11.23"]
[SourceQuality "1"]

1. d4 d5 2. Nf3 Nc6 3. Bf4 f6 4. c4 e5 5. dxe5 d4 6. exf6 Qxf6 7. Bg5 Qg6 8. Nbd2 Bg4 9. h3 Bf5 10. e4 dxe3 11. fxe3 Be7 12. Bxe7 Qg3+ 13. Ke2 Ngxe7 14. Qe1 Qg6 15. e4 0-0-0 16. exf5 Nxf5 17. Kf2 Ng3 18. Kg1 Rhe8 19. Qf2 Kb8 20. Re1 Rxe1 21. Qxe1 Re8 22. Qb1 Qh6 23. Qd3 Qf4 24. Qd7 Qe3+ 25. Kh2 Re7 26. Qg4 Nxh1 27. Kxh1 h6 28. g3 a5 29. Qf4 Qb6 30. Nb3 Qf2 31. Nfd4 Qxf4 32. gxf4 Nxd4 33. Nxd4 Rd7 34. Ne6 Rd2 35. f5 Kc8 36. Nxg7 Kd8 37. c5 Ke7 38. Nh5 Rxb2 39. f6+ Kf8 40. Ng7 Kf7 41. Bc4+ Kxf6 42. Ne8+ Ke5 43. Nxc7 Kd4 44. Bb3 Kxc5 45. Ne6+ Kb4 46. Nf4 a4 47. Nd3+ Ka3 48. Nxb2 axb3 49. axb3 Kxb2 50. b4 b5 51. Kg2 Kb3 52. Kf3 Kxb4 53. Kg4 0-1